Statistics for Companies by Country #3

Click here to take the quiz!

General Stats

  • This quiz has been taken 160 times
  • The average score is 13 of 21

Answer Stats

CompanyCountry% Correct
AdidasGermany
88%
NikonJapan
83%
AlibabaChina
82%
CoronaMexico
80%
SkodaCzech Republic
78%
LGSouth Korea
78%
ExxonMobilUnited States
78%
SaabSweden
74%
VodafoneUnited Kingdom
72%
ZaraSpain
69%
PetronasMalaysia
64%
AeroflotRussia
64%
JamesonIreland
61%
Red BullAustria
57%
McCain FoodsCanada
53%
UbisoftFrance
47%
_____ AramcoSaudi Arabia
47%
Arab BankJordan
36%
UBSSwitzerland
34%
EtisalatUnited Arab Emirates
26%
TelkomSouth Africa
14%

Score Distribution

Percentile by Number Answered

Percent of People with Each Score

Your Score History

You have not taken this quiz